000 00963cam a22003017a 4500
003 CHAP
005 20220329141906.0
008 980423d1997 es a r 00110 spa d
010 _a75368
011 _a76340
020 _a8471146630
035 _a85922
040 _cCHAP
082 0 4 _a631.53
_bF6Y
100 0 0 _aFoucard, Jean-Claude.
_942745
245 1 0 _aViveros :
_bde la producción a la plantación
_c/por Jean-Claude Foucard
260 0 _aMadrid :
_bMundi-Prensa,
_c1997.
300 _a439 p. :
_bilus. ; gráfs.
590 _aBATCH-UPD
_b10
_c20130110
_lUCH01
_h0835
590 _aCONVERSION
_b10
_c20130109
_lUCH01
_h1341
650 1 4 _aCultivos en invernadero.
_930376
650 1 4 _aViveros.
_9120096
901 _aBK
905 _aAlejandra Carrasco M.
942 _cLIBRO
949 _a631.53 F6Y
_bBC
_cLIBRO
_d33724000591400
_eLIBRO
_g191449
_h93048
_i85922
_so
_t$398.00
949 _a631.53 F6Y
_bBC
_cLIBRO
_d33724000729372
_eLIBRO
_fc.2
_h96104
_i85922
_si
999 _c75368
_d75368